[Event "Minsk Inautomarket op"]
[Site "Minsk"]
[Date "2007.07.10"]
[Round "1"]
[White "Teterev, Vitaly"]
[Black "Deyko, Alexey"]
[Result "0-1"]
[WhiteElo "2500"]
[BlackElo "2157"]
[PlyCount "92"]
[EventDate "2007.07.10"]
[EventType "swiss"]
[EventRounds "9"]
[EventCountry "BLR"]
[SourceTitle "EXT 2008"]
[Source "ChessBase"]
[SourceDate "2007.11.25"]
[SourceVersion "1"]
[SourceVersionDate "2007.11.25"]
[SourceQuality "1"]

1. e4 c5 2. Nf3 e6 3. d3 d5 4. Nbd2 Nc6 5. g3 Nf6 6. Bg2 b6 7. 0-0 Bb7 8. Re1 Qc7 9. c3 0-0-0 10. e5 Nd7 11. d4 Be7 12. Nf1 Kb8 13. a3 Rhg8 14. h4 h6 15. h5 g6 16. hxg6 Rxg6 17. Bf4 h5 18. b4 Rh8 19. b5 Na5 20. N1h2 Nc4 21. Kh1 h4 22. g4 cxd4 23. cxd4 Bxa3 24. Qa4 Bb2 25. Ra2 Bc3 26. Qxa7+ Kc8 27. Rc1 Ba5 28. Nd2 h3 29. Bf3 Bxd2 30. Rxd2 Qb8 31. Qa4 Kd8 32. Re2 f6 33. Qc2 Rhg8 34. Rce1 fxe5 35. dxe5 Qa8 36. g5 Qa5 37. Ng4 Rxg5 38. Bxg5+ Rxg5 39. Qh7 Qc3 40. Qxh3 Rh5 41. Qxh5 Qxf3+ 42. Kh2 d4 43. Qh3 d3 44. Re3 d2 45. Qxf3 Bxf3 46. Ra1 Bxg4 0-1